Material Characteristics of Plastic Deformation in High-Strength Steel

Bibliographic Details
Main Authors: Binar, Tomáš (Author), Dvořák, I. (Author), Kadlec, J. (Author), Sukáč, J. (Author), Rolc, S. (Author), Křesťan, J. (Author)
Format: Article
Language:English
PhysicalDescription:Grafy, obr., tab.
ISSN:1802-2308
Subjects:
Online Access:http://aimt.unob.cz/articles/14_02/14_02%20%283%29.pdf

MARC

LEADER 00000nab a2200000 a 4500
001 vtls010680483
003 SK-MaSNL
005 20260303182535.0
008 150521 2014 xo 000 0 eng
015 |a SNBRB2015/05  |2 lmaosk 
040 |a LMAOSK  |b slo  |c LMAOSK  |e AACR2 
041 |a eng 
044 |a xo  |c SK 
080 |a 620.2-026.5/.8  |2 2001 
080 |a (046)  |2 2001 
080 |a 669.15.194.2  |2 2001 
080 |a 669.14  |2 2001 
245 0 0 |a Material Characteristics of Plastic Deformation in High-Strength Steel  |c T. Binar, I. Dvořák, J. Kadlec, J. Sukáč, S. Rolc, J. Křesťan 
300 |b Grafy, obr., tab. 
500 |a Obsahuje Abstrakt na s. [33] 
500 |a Biogr. údaje 
504 |a Bibliogr. odkazy 
650 0 7 |a vlastnosti materiálov  |2 SNKPH  |9 69700 
650 0 7 |a oceľ  |2 SNKPH  |9 22640 
650 0 7 |a nízkolegované ocele  |2 LMAOSK  |9 51267 
650 0 7 |a plastické deformácie  |2 LMAOSK  |9 375399 
650 0 7 |a fraktografická analýza  |2 LMAOSK  |9 1210509 
655 7 |a články  |2 SNKPH  |9 70601 
700 1 |a Binar, Tomáš  |4 aut  |9 1210510 
700 1 |a Dvořák, I.  |4 aut  |9 993340 
700 1 |a Kadlec, J.  |4 aut  |9 686275 
700 1 |a Sukáč, J.  |4 aut  |9 1210511 
700 1 |a Rolc, S.  |4 aut  |9 1198226 
700 1 |a Křesťan, J..  |4 aut  |9 787349 
773 0 |t Advances in Military Technology  |g Roč. 9, č. 2 (2014), s. [33]-39  |x 1802-2308 
852 |a LMAOSK  |b KIS3GCP 
856 4 1 |u http://aimt.unob.cz/articles/14_02/14_02%20%283%29.pdf 
958 |a NB 
999 |c 2117366  |d 2119296